<?xml version="1.0" encoding="UTF-8"?>
<record
    xmlns:xsi="http://www.w3.org/2001/XMLSchema-instance"
    xsi:schemaLocation="http://www.loc.gov/MARC21/slim http://www.loc.gov/standards/marcxml/schema/MARC21slim.xsd"
    xmlns="http://www.loc.gov/MARC21/slim">

  <leader>00569nam a22001457a 4500</leader>
  <controlfield tag="008">230721b        |||||||| |||| 00| 0 eng d</controlfield>
  <datafield tag="040" ind1=" " ind2=" ">
    <subfield code="a">National Science Library</subfield>
    <subfield code="c">National Science Library</subfield>
  </datafield>
  <datafield tag="080" ind1=" " ind2=" ">
    <subfield code="a">541.14(05)</subfield>
  </datafield>
  <datafield tag="100" ind1=" " ind2=" ">
    <subfield code="a">Turro, Nicholas J </subfield>
  </datafield>
  <datafield tag="245" ind1=" " ind2=" ">
    <subfield code="a">Annual survey of photochemistry </subfield>
  </datafield>
  <datafield tag="260" ind1=" " ind2=" ">
    <subfield code="a">New York: </subfield>
    <subfield code="b">Jhon Wiley &amp; Sons, Inc </subfield>
    <subfield code="c">1967</subfield>
  </datafield>
  <datafield tag="500" ind1=" " ind2=" ">
    <subfield code="a">Vol. 1 (Annual survey of photochemistry) xiii, 588p. 
Vol. 2 (Annual survey of photochemistry) xiv, 412p. 
Vol. 3 (Annual survey of photochemistry) x, 382p.</subfield>
  </datafield>
  <datafield tag="650" ind1=" " ind2=" ">
    <subfield code="a">Chemistry</subfield>
  </datafield>
  <datafield tag="942" ind1=" " ind2=" ">
    <subfield code="c">BK</subfield>
    <subfield code="2">udc</subfield>
  </datafield>
  <datafield tag="999" ind1=" " ind2=" ">
    <subfield code="c">54439</subfield>
    <subfield code="d">54439</subfield>
  </datafield>
  <datafield tag="952" ind1=" " ind2=" ">
    <subfield code="0">0</subfield>
    <subfield code="1">0</subfield>
    <subfield code="2">udc</subfield>
    <subfield code="4">0</subfield>
    <subfield code="6">5411405</subfield>
    <subfield code="7">0</subfield>
    <subfield code="9">92323</subfield>
    <subfield code="a">NSL</subfield>
    <subfield code="b">NSL</subfield>
    <subfield code="c">FF/Rk-47/C-1/R-2</subfield>
    <subfield code="d">1971-03-27</subfield>
    <subfield code="l">0</subfield>
    <subfield code="o">541.14(05)</subfield>
    <subfield code="p">37408</subfield>
    <subfield code="r">2023-07-22 00:00:00</subfield>
    <subfield code="w">1971-03-27</subfield>
    <subfield code="y">BK</subfield>
  </datafield>
</record>
